Vecindad y diplomacia. Centroamérica en la política exteior mexicana, 1821-1988 /
Enregistré dans:
| Auteur principal: | |
|---|---|
| Autres auteurs: | , , |
| Format: | Texte |
| Sujets: | |
| Tags: |
Ajouter un tag
Pas de tags, Soyez le premier à ajouter un tag!
|
MARC
| LEADER | 00000 a a2200000 04500 | ||
|---|---|---|---|
| 001 | 17339 | ||
| 003 | |||
| 040 | |||
| 100 | |a Sosa, Ignacio | ||
| 245 | |a Vecindad y diplomacia. Centroamérica en la política exteior mexicana, 1821-1988 / |c Ignacio Sosa ; reseña por Mónica Toussaint Ribor ; et al. | ||
| 500 | |a Datos de edición: México, Secretaría de Relaciones Exteriores, 2001 | ||
| 650 | |a HISTOGRAFIA | ||
| 650 | |a RESEÑA BIBLIOGRAFICA | ||
| 650 | |a POLITICA EXTERIOR | ||
| 700 | |a Toussaint Ribor, Mónica |e reseñador | ||
| 700 | |a Rodríguez de Ita, Guadalupe | ||
| 700 | |a Vázques Olivea, Mario | ||
| 773 | |g número 55; páginas 185-188 | ||
| 999 | |c 38958 |d 38958 | ||
